The history and antiquities of Hengrave, in Suffolk (Record no. 114075)
[ view plain ]
| 000 -LEADER | |
|---|---|
| fixed length control field | 00744cam a22001935a 4500 |
| 001 - CONTROL NUMBER | |
| control field | L156172 |
| 008 - FIXED-LENGTH DATA ELEMENTS--GENERAL INFORMATION | |
| fixed length control field | 120502s1822 xxk f 000 0 eng d |
| 035 ## - SYSTEM CONTROL NUMBER | |
| System control number | (Sirsi) u156172 |
| 041 0# - LANGUAGE CODE | |
| Language code of text/sound track or separate title | eng |
| 100 1# - MAIN ENTRY--PERSONAL NAME | |
| Personal name | Rokewode, John Gage |
| Dates associated with a name | 1786-1842 |
| 245 04 - TITLE STATEMENT | |
| Title | The history and antiquities of Hengrave, in Suffolk |
| 260 ## - PUBLICATION, DISTRIBUTION, ETC. | |
| Place of publication, distribution, etc. | London |
| -- | Bury St. Edmunds |
| Name of publisher, distributor, etc. | J. Carpenter ; J. Deck |
| Date of publication, distribution, etc. | 1822 |
| 300 ## - PHYSICAL DESCRIPTION | |
| Extent | vii, [1], 263 p. |
| Other physical details | front., 1 illus., plates (1 col.) ports., plans, geneal. tables (part double) |
| Dimensions | 41 cm. |
| 520 ## - SUMMARY, ETC. | |
| Summary, etc. | The frontispiece, portraits, plans, and part of the plates are mounted India proofs |
| 583 0# - ACTION NOTE | |
| Action | Condition reviewed |
| Time/date of action | 20120620 |
| Status | condition level 3, loose endpaper |
| 651 #4 - SUBJECT ADDED ENTRY--GEOGRAPHIC NAME | |
| Geographic name | England |
| Chronological subdivision | 886- |
| 690 ## - LOCAL SUBJECT ADDED ENTRY--TOPICAL TERM (OCLC, RLIN) | |
| Topical term or geographic name as entry element | Rural |
| 9 (RLIN) | 6268 |
| 942 ## - ADDED ENTRY ELEMENTS (KOHA) | |
| Suppress in OPAC | 0 |
| Withdrawn status | Lost status | Source of classification or shelving scheme | Damaged status | Not for loan | Home library | Current library | Shelving location | Date acquired | Total Checkouts | Full call number | Barcode | Date last seen | Copy number | Price effective from | Koha item type |
|---|---|---|---|---|---|---|---|---|---|---|---|---|---|---|---|
| Dewey Decimal Classification | Historic collection | Historic collection | Historic collection | 02/05/2012 | FOLIO 1822 GAGE | 30077739 | 06/08/2019 | 1 | 06/08/2019 | Book |